000 00524nam a2200193Ia 4500
003 OSt
005 20200825102019.0
008 190216s9999||||xx |||||||||||||| ||und||
020 _a0706996836
040 _coclc
082 _a530.15
_bGUP/M
100 _aGupta, B D
_94318
245 0 _aMathematical Physics /
_cB D Gupta
250 _a2nd Ed.
260 _bVikas Publishing House,
_c1997.
_aNew Delhi:
300 _a1102p
650 _aPhysics
942 _cBK
_2ddc
_h530.15
_iGUP/M
_k530.15
_mGUP/M
999 _c33357
_d33357